Experiments in Circuit Analysis to Accompany : Introductory Circuit Analysis /

Guardado en:
Detalles Bibliográficos
Autores principales: Boylestad, Robert L (Autor), Kousourou, Gabriel (Autor)
Formato: Libro
Lenguaje:inglés
Publicado: Columbus : Charles E. Merrill Publishing Company, 1987
Edición:5.ed.
Materias:
Etiquetas: Agregar Etiqueta
Sin Etiquetas, Sea el primero en etiquetar este registro!

MARC

LEADER 00000nam a22000003a 4500
001 stu2471
005 20240605112735.4
008 921012s1987----xxu-----------------eng-d
020 |a 0-675-20743-6 
040 |a STU  |b slo 
041 0 |a eng 
044 |a xxu 
080 |a 621.372.011.7 
080 |a 621.38 
100 1 |a Boylestad, Robert L  |4 aut 
245 1 |a Experiments in Circuit Analysis to Accompany :  |b Introductory Circuit Analysis /  |c [aut.] Boylestad,Robert L.; Kousourou,Gabriel 
250 |a 5.ed. 
260 |a Columbus :  |b Charles E. Merrill Publishing Company,  |c 1987 
300 |a 338 s 
650 7 |a analýza obvodov  |2 stusub 
650 7 |a elektrické obvody  |2 stusub 
700 1 |a Kousourou, Gabriel  |4 aut 
996 |b 284EK07614  |c E*77036  |l EE01  |s A  |a 24  |w stu2471_0008 
996 |b 284EK07618  |c E*77037  |l EE0101  |s P  |a 0  |w stu2471_0009 
996 |b 284EK07616  |c E*77039  |l EE01  |s A  |a 24  |w stu2471_0011